Housing for defense ; a review of the role of housing in relation to America's defense and a program for action; the factual findings /

Bibliographic Details
Corporate Author: Twentieth Century Fund. Housing Committee
Other Authors: Colean, Miles Lanier
Format: Book
Language:English
Published: New York : Twentieth Century Fund, 1940.
Subjects:

MARC

Tag First Indicator Second Indicator Subfields
LEADER 00000cam a2200000 4500
001 in00000077326
005 20151008052724.0
008 720925s1940 nyu 00000 eng u
010 |a  40027856  
035 |a (OCoLC)00413854 
035 |9 AAH4620AM 
040 |c CSU  |d TXA  |d UtOrBLW 
049 |a TXAM  |c [92741] 
050 0 |a HD7293  |b .T8 
092 |a 331.8330973  |b T971h 
110 2 |a Twentieth Century Fund.  |b Housing Committee. 
245 1 0 |a Housing for defense ;  |b a review of the role of housing in relation to America's defense and a program for action; the factual findings /  |c by Miles L. Colean; the program, by the Housing Committee. 
264 1 |a New York :  |b Twentieth Century Fund,  |c 1940. 
300 |a xx,198p :  |b tables,diagrams ;  |c 24cm. 
336 |a text  |b txt  |2 rdacontent 
337 |a unmediated  |b n  |2 rdamedia 
338 |a volume  |b nc  |2 rdacarrier 
650 0 |a Working class  |x Dwellings. 
650 0 |a Housing  |z United States. 
700 1 |a Colean, Miles Lanier. 
999 |a MARS 
999 f f |s bf0fa448-c6cc-3573-9edc-22364674b9aa  |i fae31ab7-a082-3614-ad10-a0e36f061558  |t 0 
952 f f |p ric  |a Texas A&M University  |b Rellis Campus  |c Joint Library Facility  |d Remote Storage  |t 0  |e HD7293 .T8  |h Library of Congress classification  |i unmediated -- volume  |m A14800722609 
998 f f |a HD7293 .T8  |t 0  |l Remote Storage